书目信息 |
| 题名: |
3DS MAX 2.5 实例详解
|
|
| 作者: | 王晟 , 张明辉 主编 | |
| 分册: | ||
| 出版信息: | 北京 电子工业出版社 1999.04 |
|
| 页数: | 365页 | |
| 开本: | 16开 | |
| 丛书名: | ||
| 单 册: | ||
| 中图分类: | TP391.72 | |
| 科图分类: | ||
| 主题词: | 计算机应用 | |
| 电子资源: | ||
| ISBN: | 7-5053-5231-8 | |
| 000 | 00610nam0 2200205 45 | |
| 001 | 0011202055 | |
| 005 | 20001120205833.7 | |
| 010 | @a7-5053-5231-8@d36.00元 | |
| 100 | @a20001120d1999 km y0chiy0120 ea | |
| 101 | 0 | @achi |
| 105 | @a z 000yy | |
| 200 | 1 | @a3DS MAX 2.5 实例详解@A3DS MAX 2.5 Shi Li Xiang Jie@f王晟,张明辉主编@FWang Sheng,Zhang Ming Hui Zhu Bian |
| 210 | @a北京@c电子工业出版社@d1999.04 | |
| 215 | @a365页@d16开 | |
| 606 | 0 | @a计算机应用 |
| 690 | @aTP391.72@v3 | |
| 701 | 0 | @a王晟@4主编 |
| 701 | 0 | @a张明辉@4主编 |
| 801 | @aCN@bPftUser@c20001120 | |
| 905 | @b418441-447@dTP391.72@eW.203@f7 | |
| 3DS MAX 2.5 实例详解/王晟,张明辉主编.-北京:电子工业出版社,1999.04 |
| 365页;16开 |
| ISBN 7-5053-5231-8:36.00元 |
| ● |
| 相关链接 |
|
|
|
正题名:3DS MAX 2.5实例详解
索取号:TP391.72/W.203
 
预约/预借
| 序号 | 登录号 | 条形码 | 馆藏地/架位号 | 状态 | 备注 |
| 1 | 418441 | 204184417 | 自科库301/404自科库 14排1列3层/ [索取号:TP391.72/W.203] | 在馆 | |
| 2 | 418442 | 204184426 | 自科库301/ [索取号:TP391.72/W.203] | 在馆 | |
| 3 | 418443 | 204184435 | 期刊室512/301自科库 103排2列5层/ [索取号:TP391.72/W.203] | 在馆 | |
| 4 | 418444 | 204184444 | 自科二线404/404自科库 14排1列2层/ [索取号:TP391.72/W.203] | 在馆 | |
| 5 | 418445 | 204184453 | 自科二线404/404自科库 14排1列2层/ [索取号:TP391.72/W.203] | 在馆 | |
| 6 | 418446 | 204184462 | 自科库301/ [索取号:TP391.72/W.203] | 在馆 | |
| 7 | 418447 | 204184471 | 期刊室512/301自科库 103排2列5层/ [索取号:TP391.72/W.203] | 在馆 |